Origin of The Tai and Chao Lung Hsukapha : (Record no. 4874)

MARC details
000 -LEADER
fixed length control field 00487cam a2200169ua 4500
008 - FIXED-LENGTH DATA ELEMENTS--GENERAL INFORMATION
fixed length control field 131008n ii |||gr||||Z||||||eng
040 ## - CATALOGING SOURCE
Transcribing agency MAIN
082 ## - DEWEY DECIMAL CLASSIFICATION NUMBER
Classification number 954.162
245 ## - TITLE STATEMENT
Title Origin of The Tai and Chao Lung Hsukapha :
Remainder of title A Historical Perspective /
Statement of responsibility, etc. By B.K. Gohain .
260 ## - PUBLICATION, DISTRIBUTION, ETC.
Place of publication, distribution, etc. Delhi:
Name of publisher, distributor, etc. Omsons Publications,
Date of publication, distribution, etc. 1999.
300 ## - PHYSICAL DESCRIPTION
Extent v,126p.
700 ## - ADDED ENTRY--PERSONAL NAME
Personal name Gohai,B.K.,
Relator term
942 ## - ADDED ENTRY ELEMENTS (KOHA)
Koha item type Books
653 ## - INDEX TERM--UNCONTROLLED
Uncontrolled term History
653 ## - INDEX TERM--UNCONTROLLED
Uncontrolled term Origin of The Tai and Chao Lung Hsukapha
Holdings
Withdrawn status Lost status Damaged status Not for loan Home library Current library Shelving location Date acquired Total Checkouts Full call number Barcode Date last seen Copy number Price effective from Koha item type
        Naharkatiya College Library Naharkatiya College Library General Stacks 19/09/2020   954.162 | GOH 16485 19/09/2020 1 19/09/2020 Books

Naharkatiya College © 2020. All rights reserved.

Powered By